Leopold Bauer : Heretik moderní architektury /

Gespeichert in:
Bibliographische Detailangaben
1. Verfasser: Vybíral, Jindřich (Verfasst von)
Format: Buch
Sprache:Tschechisch
Veröffentlicht: Praha : Nakladatelství Academia, Vysoká škola uměleckoprůmyslová v Praze, 2015
Ausgabe:1. vydanie
Schlagworte:
Tags: Tag hinzufügen
Keine Tags, Fügen Sie das erste Tag hinzu!

MARC

LEADER 00000nam a22000003a 4500
001 0068396
003 SK-STU
005 20190402122651.0
007 ta
008 181108s ----xo-----e------000-0-----d
020 |a 978-80-200-2417-6 
020 |a 978-80-86863-67-2 
040 |a STU  |b slo 
041 0 |a cze 
044 |a xr 
100 1 |a Vybíral, Jindřich  |4 aut 
245 1 0 |a Leopold Bauer :  |b Heretik moderní architektury /  |c aut. Jindřich Vybíral 
250 |a 1. vydanie 
260 |a Praha :  |b Nakladatelství Academia, Vysoká škola uměleckoprůmyslová v Praze,  |c 2015 
300 |a 588 s. 
500 |a Vydanie publikácie bolo podporené projektom GA ČR, reg. č. GAČR 408/05/0789: Leopold Bauer (1872-1938), architektura a design. 
650 0 7 |a architekti európski 
650 0 7 |a architekti českí 
650 0 7 |a architekti rakúski 
650 0 7 |a moderná architektúra 
650 0 7 |a historizmus 
650 0 7 |a teória architektúry 
996 |b 284AU07750  |c A* 11003/U  |l AAKNST  |s P  |a 0  |w 0068396_0001